[Event "CHN Team Men 2016"]
[Site "Wuxi CHN"]
[Date "2016.08.02"]
[Round "7.3"]
[Board "3"]
[White "Li, Shilong"]
[Black "Xu, Yi"]
[Result "1-0"]
[WhiteTitle "GM"]
[BlackTitle "FM"]
[WhiteElo "2512"]
[BlackElo "2396"]
[WhiteTeam "Guangdong"]
[BlackTeam "Shanghai"]
[WhiteFideId "8600678"]
[BlackFideId "8605564"]
[EventDate "2016.07.28"]

1. d4 Nf6 2. c4 e6 3. Nf3 d5 4. Bg5 Bb4+ 5. Nbd2 dxc4 6. Qc2 b5 7. a4 c6 8. Bxf6
Qxf6 9. axb5 Bxd2+ 10. Nxd2 Qxd4 11. e3 Qd8 12. Nxc4 O-O 13. Bd3 f5 14. Be2 Qd5
15. O-O Qxb5 16. Ra5 Qb4 17. Ra4 Qb7 18. Rd1 Qc7 19. Na5 Bd7 20. Qc3 Be8 21. Rc4
e5 22. Rc5 e4 23. Rb5 Nd7 24. Rb7 Qe5 25. Qb3+ Kh8 26. Nc4 Qe6 27. Rd6 Qe7 28.
Qd1 Rf7 29. Bh5 g6 30. Qd4+ Kg8 31. Bd1 c5 32. Qd2 Qf8 33. Bb3 Kh8 34. h3 Ne5
35. Rxf7 Nxf7 36. Ra6 Rb8 37. Na5 c4 38. Bxc4 Qc5 39. Re6 Kg7 40. b4 Qc7 41.
Qd4+ Kh6 42. Qc5 Qxc5 43. bxc5 Bb5 44. Re7 Bxc4 45. Nxc4 Rb1+ 46. Kh2 Rc1 47.
Na5 Rxc5 48. Nb7 Rc2 49. Rxf7 Rxf2 50. Nd6 Rd2 51. Ne8 Re2 52. Nf6 g5 53. Nd5
Rf2 54. Kg1 Re2 55. Rxf5 a5 56. Rf2 Re1+ 57. Rf1 Re2 58. Ra1 Kh5 59. Rxa5 Kh4
60. Kh2 h5 61. Ra4 1-0

[Event "CHN Team Men 2016"]
[Site "Wuxi CHN"]
[Date "2016.08.02"]
[Round "7.3"]
[Board "4"]
[White "Zhou, Junfeng"]
[Black "Liang, Jinrong"]
[Result "0-1"]
[BlackTitle "GM"]
[WhiteElo "2022"]
[BlackElo "2454"]
[WhiteTeam "Shanghai"]
[BlackTeam "Guangdong"]
[WhiteFideId "8615330"]
[BlackFideId "8600066"]
[EventDate "2016.07.28"]

1. c4 e6 2. e4 c5 3. Nc3 Nc6 4. f4 g6 5. Nf3 Bg7 6. g3 Nge7 7. d3 d5 8. e5 O-O
9. Bg2 b6 10. O-O Bb7 11. cxd5 Nxd5 12. d4 Nxd4 13. Nxd4 Nxc3 14. bxc3 Bxg2 15.
Nxe6 Qxd1 16. Rxd1 Bf3 17. Rf1 fxe6 18. Rxf3 Bxe5 19. Bb2 Bf6 20. Rd3 Rfd8 21.
Rad1 Kf7 22. Rxd8 Rxd8 23. Rxd8 Bxd8 24. c4 Bf6 25. Bc1 Ke7 26. Kf2 Kd6 27. Ke3
Kc6 28. Kd3 b5 29. a3 a6 30. h3 Bg7 31. g4 Bh8 32. a4 bxa4 33. Ba3 Bf6 34. Bc1
Bd8 35. Ke4 Bf6 36. Kd3 Kd6 37. Ba3 Bd8 38. Ke4 Ba5 39. f5 exf5+ 40. gxf5 gxf5+
41. Kxf5 Bb4 42. Bc1 a3 43. Ke4 a2 44. Bb2 Be1 45. Kf3 Ke6 46. Ke2 Bh4 0-1

[Event "CHN Team Men 2016"]
[Site "Wuxi CHN"]
[Date "2016.08.02"]
[Round "7.4"]
[Board "2"]
[White "Li, Di"]
[Black "Wang, Yiye"]
[Result "0-1"]
[WhiteTitle "FM"]
[BlackTitle "IM"]
[WhiteElo "2426"]
[BlackElo "2450"]
[WhiteTeam "Chengdu"]
[BlackTeam "Heilongjiang Qipai"]
[WhiteFideId "8607508"]
[BlackFideId "8606021"]
[EventDate "2016.07.28"]

1. d4 Nf6 2. Nf3 g6 3. Bg5 Bg7 4. Nbd2 d5 5. e3 O-O 6. Be2 Nbd7 7. O-O c5 8. c3
Re8 9. Bf4 Nh5 10. a4 Nxf4 11. exf4 Qb6 12. a5 Qd6 13. g3 cxd4 14. cxd4 Nb8 15.
Ne5 f6 16. Qa4 Rd8 17. Nd3 Bd7 18. Qb4 Qxb4 19. Nxb4 Nc6 20. Nxd5 Nxd4 21. Bc4
Kf8 22. Nb3 Rac8 23. Ne3 Rxc4 24. Nxc4 Nxb3 25. Rad1 Ke8 26. Rfe1 Bc6 27. Rxd8+
Kxd8 28. Re3 Nc5 29. g4 Bd7 30. Rh3 h5 0-1

[Event "CHN Team Men 2016"]
[Site "Wuxi CHN"]
[Date "2016.08.02"]
[Round "7.4"]
[Board "3"]
[White "Bao, Qilin"]
[Black "Liu, Guanchu"]
[Result "1/2-1/2"]
[BlackTitle "IM"]
[WhiteElo "2305"]
[BlackElo "2366"]
[WhiteTeam "Heilongjiang Qipai"]
[BlackTeam "Chengdu"]
[WhiteFideId "8605750"]
[BlackFideId "8603901"]
[EventDate "2016.07.28"]

1. d4 e6 2. g3 c5 3. c3 Nf6 4. Bg2 d5 5. Nf3 Nc6 6. O-O Qb6 7. a3 Bd7 8. Ra2 Bd6
9. Bg5 Ne4 10. Be3 O-O 11. Nbd2 f5 12. dxc5 Bxc5 13. Bxc5 Qxc5 14. Nb3 Qb6 15.
Nbd4 Rae8 16. Nxc6 Bxc6 17. Ne5 Rd8 18. Qc2 f4 19. Bxe4 dxe4 20. Nxc6 Qxc6 21.
Raa1 e3 22. Rad1 fxg3 23. hxg3 exf2+ 24. Rxf2 Qc5 25. Rf1 Rxf2 26. Rxf2 Rf8 27.
e4 h5 28. Kg2 Rxf2+ 29. Qxf2 Qxf2+ 30. Kxf2 Kf7 31. c4 1/2-1/2

[Event "CHN Team Men 2016"]
[Site "Wuxi CHN"]
[Date "2016.08.02"]
[Round "7.4"]
[Board "4"]
[White "Zhao, Yuanhe"]
[Black "Wu, Xibin"]
[Result "1-0"]
[BlackTitle "IM"]
[WhiteElo "2328"]
[BlackElo "2257"]
[WhiteTeam "Chengdu"]
[BlackTeam "Heilongjiang Qipai"]
[WhiteFideId "8609497"]
[BlackFideId "8600309"]
[EventDate "2016.07.28"]

1. d4 d6 2. e4 g6 3. Nc3 Bg7 4. h3 a6 5. a4 Nc6 6. Nf3 e5 7. Bg5 f6 8. Be3 Nh6
9. Bc4 Nf7 10. O-O O-O 11. Qe2 exd4 12. Nxd4 Nxd4 13. Bxd4 c6 14. a5 Qe7 15.
Rad1 Be6 16. f4 Rae8 17. Bxe6 Qxe6 18. f5 gxf5 19. Rxf5 Nh6 20. Rf4 f5 21. Bxg7
Kxg7 22. Qh5 Rf6 23. Rdf1 Ref8 24. Ne2 Qe5 25. Ng3 Qxa5 26. exf5 Qe5 27. Qg5+
Kh8 28. Nh5 Rxf5 29. Qxh6 Qe3+ 30. Kh1 Rg8 1-0

[Event "CHN Team Men 2016"]
[Site "Wuxi CHN"]
[Date "2016.08.02"]
[Round "7.5"]
[Board "2"]
[White "Wu, Hao"]
[Black "Wang, Rui"]
[Result "0-1"]
[BlackTitle "GM"]
[WhiteElo "1600"]
[BlackElo "2386"]
[WhiteTeam "Shanxi Huxiaoling"]
[BlackTeam "Hebei Ticai"]
[WhiteFideId "8616450"]
[BlackFideId "8601003"]
[EventDate "2016.07.28"]

1. e4 c5 2. c3 d5 3. exd5 Qxd5 4. d4 Nf6 5. Be3 Ng4 6. Bb5+ Nc6 7. Qf3 Qxf3 8.
Nxf3 e6 9. Bxc6+ bxc6 10. O-O Ba6 11. Re1 Nxe3 12. fxe3 Rb8 13. b3 Be7 14. Ne5
Rc8 15. c4 cxd4 16. exd4 O-O 17. Nc3 Bb4 18. Rac1 Rfd8 19. Red1 f6 20. Nf3 c5
21. d5 Bb7 22. dxe6 Rxd1+ 23. Nxd1 Re8 24. Nf2 Rxe6 25. Nd3 a5 26. a4 Re3 27.
Nxb4 axb4 28. Rb1 Re2 29. Rd1 Bxf3 30. gxf3 Rb2 31. Rd3 g5 32. Rd5 Rxb3 33. Rxc5
Rxf3 34. Rb5 Rb3 35. a5 Ra3 36. c5 Kf7 37. Rb7+ Ke6 38. Rb6+ Kd5 39. c6 Rxa5 40.
c7 Ra1+ 41. Kf2 Rc1 42. Rxb4 Rxc7 43. Kf3 h5 44. h4 Rc3+ 45. Kf2 Rc4 46. Rb5+
Rc5 47. Rb8 Ke4 48. Rh8 g4 49. Rh6 f5 50. Rxh5 Rc2+ 51. Kg3 Rc3+ 52. Kf2 f4 0-1

[Event "CHN Team Men 2016"]
[Site "Wuxi CHN"]
[Date "2016.08.02"]
[Round "7.5"]
[Board "3"]
[White "Zhang, Ziji"]
[Black "Lu, Kaiyan"]
[Result "1-0"]
[WhiteElo "2313"]
[BlackElo "1511"]
[WhiteTeam "Hebei Ticai"]
[BlackTeam "Shanxi Huxiaoling"]
[WhiteFideId "8609470"]
[BlackFideId "8610495"]
[EventDate "2016.07.28"]

1. d4 Nf6 2. Bg5 g6 3. Bxf6 exf6 4. e3 Bg7 5. c4 d6 6. g3 f5 7. Nc3 Nd7 8. Bg2
Nf6 9. Nge2 h5 10. h4 O-O 11. O-O c6 12. b4 Qe7 13. b5 Ne4 14. Qc2 Re8 15. Rab1
Nxc3 16. Qxc3 c5 17. Nf4 Be6 18. Qd3 Rab8 19. Rfd1 Qc7 20. Nd5 Bxd5 21. Bxd5 Qe7
22. Rb3 b6 23. Ra3 Rbc8 24. Bc6 Red8 25. Bd5 Bf6 26. Qd2 Kg7 27. Rd3 f4 28. exf4
Bxd4 29. Re1 Qf6 30. Bc6 Kf8 31. Re4 Rc7 32. Qe2 Re7 33. Rxe7 Qxe7 34. Qxe7+
Kxe7 35. Ra3 Kf6 36. Rxa7 Bc3 37. Bd5 Rf8 38. Rd7 Kg7 39. Rxd6 Ba5 40. Rd7 1-0

[Event "CHN Team Men 2016"]
[Site "Wuxi CHN"]
[Date "2016.08.02"]
[Round "7.6"]
[Board "2"]
[White "Zhao, Chenxi"]
[Black "Mu, Ke"]
[Result "1-0"]
[WhiteElo "2052"]
[BlackElo "2425"]
[WhiteTeam "Shenzhen Qiyuan"]
[BlackTeam "Qingdao"]
[WhiteFideId "8611513"]
[BlackFideId "8602778"]
[EventDate "2016.07.28"]

1. Nf3 Nf6 2. c4 c6 3. Nc3 d5 4. d4 e6 5. Bg5 dxc4 6. e4 b5 7. e5 h6 8. Bh4 g5
9. Nxg5 hxg5 10. Bxg5 Be7 11. exf6 Bxf6 12. Bxf6 Qxf6 13. g3 Na6 14. Ne4 Qe7 15.
Bg2 Bb7 16. Nc5 Nxc5 17. dxc5 Qxc5 18. O-O Rd8 19. Qe2 Qh5 20. Qxh5 Rxh5 21.
Rad1 b4 22. Rxd8+ Kxd8 23. Rc1 Rc5 24. a3 c3 25. axb4 Rb5 26. bxc3 c5 27. Bf1
Rb6 28. bxc5 Rb3 29. Bg2 Bxg2 30. Kxg2 Kc7 31. h4 Rb5 32. Ra1 Kb8 33. g4 Rxc5
34. Ra3 Kb7 35. f4 Rd5 36. h5 a5 37. h6 Ka6 38. Kf3 Rd1 39. g5 Kb5 40. Ke4 Re1+
41. Kd4 e5+ 42. fxe5 Rg1 43. e6 1-0

[Event "CHN Team Men 2016"]
[Site "Wuxi CHN"]
[Date "2016.08.02"]
[Round "7.6"]
[Board "3"]
[White "Wang, Tongsen"]
[Black "Yang, Yuhang"]
[Result "1-0"]
[WhiteElo "2309"]
[BlackElo "1834"]
[WhiteTeam "Qingdao"]
[BlackTeam "Shenzhen Qiyuan"]
[WhiteFideId "8608067"]
[BlackFideId "8611530"]
[EventDate "2016.07.28"]

1. e4 c5 2. Nf3 d6 3. d4 cxd4 4. Nxd4 Nf6 5. Nc3 g6 6. Be3 Bg7 7. f3 Nc6 8. Qd2
O-O 9. O-O-O d5 10. Kb1 e5 11. Nxc6 bxc6 12. exd5 cxd5 13. Nxd5 Nxd5 14. Qxd5
Qc7 15. Bd3 Rb8 16. Qc5 Qb7 17. b3 Bf5 18. Bxf5 gxf5 19. Qxa7 Qc6 20. Qc5 Qb7
21. Rd6 f4 22. Rb6 Qd7 23. Rxb8 Rxb8 24. Bc1 Rc8 25. Qf2 Qd5 26. Bb2 Rd8 27. Re1
Qa5 28. Qf1 Qd5 29. Qe2 Bf6 30. Kc1 Qa5 31. a4 Rc8 32. Rd1 Kg7 33. Qe4 Qc5 34.
Kb1 Qc7 35. g3 fxg3 36. hxg3 Re8 37. Rh1 h6 38. Qg4+ Kh7 39. Bc1 Bg7 40. Qf5+
Kg8 41. Bxh6 f6 42. Bxg7 Qxg7 43. Rh4 Kf8 44. Rh7 1-0

[Event "CHN Team Men 2016"]
[Site "Wuxi CHN"]
[Date "2016.08.02"]
[Round "7.6"]
[Board "4"]
[White "Zuo, Yifan"]
[Black "Zhou, Jiangnan"]
[Result "1/2-1/2"]
[WhiteTitle "CM"]
[WhiteElo "1823"]
[BlackElo "2161"]
[WhiteTeam "Shenzhen Qiyuan"]
[BlackTeam "Qingdao"]
[WhiteFideId "8614610"]
[BlackFideId "8609918"]
[EventDate "2016.07.28"]

1. d4 Nf6 2. Nf3 d6 3. g3 Bf5 4. Bg2 Qc8 5. h4 g6 6. c4 Bg7 7. Nc3 Ne4 8. Nd5 c6
9. Ne3 Bd7 10. h5 O-O 11. Qc2 Nf6 12. h6 Bh8 13. Bd2 Na6 14. O-O Nc7 15. b4 Ng4
16. Nxg4 Bxg4 17. Rad1 Re8 18. Bc3 d5 19. cxd5 Nxd5 20. e4 Nxc3 21. Qxc3 Qe6 22.
Rd2 Rad8 23. Re1 Bxf3 24. Bxf3 Bf6 25. Qe3 Qc4 26. e5 Bh8 27. a3 Rd7 28. Be2 Qe6
29. Rc1 Qh3 30. b5 Rc8 31. bxc6 bxc6 32. e6 Qxe6 33. Qxe6 fxe6 34. Bg4 Rd6 35.
d5 Rcd8 36. dxc6 Rxd2 37. Bxe6+ Kf8 38. c7 Ke8 39. c8=Q Rxc8 40. Rxc8+ Rd8 41.
Rc7 Bd4 42. Kg2 Bb6 43. Rb7 Rd6 44. Rb8+ Bd8 45. Bc4 g5 46. Ra8 a5 47. Ra6 Bb6
48. Ra8+ Bd8 49. Kf3 Kd7 50. Ra6 Bb6 1/2-1/2

[Event "CHN Team Men 2016"]
[Site "Wuxi CHN"]
[Date "2016.08.02"]
[Round "7.7"]
[Board "2"]
[White "Yang, Bokai"]
[Black "Xu, Minghui"]
[Result "0-1"]
[WhiteElo "1583"]
[BlackElo "2305"]
[WhiteTeam "Shaanxi"]
[BlackTeam "Zhejiang Feiao"]
[WhiteFideId "8616469"]
[BlackFideId "8606790"]
[EventDate "2016.07.28"]

1. e4 c5 2. Nf3 d6 3. d4 Nf6 4. Nc3 cxd4 5. Nxd4 Bd7 6. f3 e5 7. Nb3 a5 8. a4
Na6 9. Bxa6 Rxa6 10. Bg5 Be7 11. O-O O-O 12. Bxf6 Bxf6 13. Nd5 Bg5 14. Kh1 Be6
15. Qd3 Qd7 16. Nd2 Bxd2 17. Qxd2 Rc8 18. Rf2 Rc4 19. Nc3 Rac6 20. Qe3 Qd8 21.
Rd1 Qb6 22. Qxb6 Rxb6 23. h3 Rxb2 24. Rxd6 g6 25. Rd3 Kg7 26. Kg1 Rc5 27. Nd5
Rc4 28. Rb3 Rxb3 29. cxb3 Rd4 30. Rc2 Bxd5 31. exd5 Rxd5 32. Rc7 b5 33. axb5
Rxb5 34. Rc3 Kf6 35. Kf2 h5 36. g4 h4 37. Ke3 Kg5 38. Ke4 f6 39. Ke3 Rb4 40. Rd3
a4 41. bxa4 Rxa4 42. Rd5 Ra3+ 43. Ke2 Kf4 44. Rd6 Re3+ 45. Kd2 f5 46. Rxg6 Rxf3
47. Rf6 Kg5 48. Rf8 fxg4 49. Rg8+ Kf5 50. hxg4+ Kf4 51. g5 Kg3 52. g6 Rf6 53. g7
Rg6 54. Ke2 h3 55. Rf8 Rxg7 56. Rf3+ Kh4 57. Rf8 0-1

[Event "CHN Team Men 2016"]
[Site "Wuxi CHN"]
[Date "2016.08.02"]
[Round "7.7"]
[Board "3"]
[White "Lan, Zilun"]
[Black "Liu, Chuming"]
[Result "1-0"]
[WhiteElo "2250"]
[BlackElo "1325"]
[WhiteTeam "Zhejiang Feiao"]
[BlackTeam "Shaanxi"]
[WhiteFideId "8604193"]
[BlackFideId "8616477"]
[EventDate "2016.07.28"]

1. d4 d5 2. c4 c6 3. Nf3 e6 4. b3 Nf6 5. Bb2 Bb4+ 6. Nbd2 Ne4 7. a3 Bxd2+ 8.
Nxd2 f5 9. g3 O-O 10. Bg2 Nd7 11. O-O Qg5 12. Nf3 Qh5 13. Ne5 f4 14. Qd3 Nxe5
15. dxe5 fxg3 16. fxg3 Nc5 17. Rxf8+ Kxf8 18. Qe3 b6 19. a4 Bb7 20. a5 Nd7 21.
a6 Bc8 22. cxd5 cxd5 23. Ba3+ Kg8 24. Bd6 h6 25. Qc3 b5 26. Bc7 Nb8 27. Bd6 Qe8
28. Rf1 Nxa6 29. Rf8+ Qxf8 30. Bxf8 Kxf8 31. Qc6 Rb8 32. e3 Ke7 33. Bf1 Kd8 34.
Qd6+ Ke8 35. Bd3 Kf7 36. Qc6 g5 37. Bxb5 h5 38. Bxa6 1-0

[Event "CHN Team Men 2016"]
[Site "Wuxi CHN"]
[Date "2016.08.03"]
[Round "8.1"]
[Board "2"]
[White "Xu, Jun"]
[Black "Zhao, Jun"]
[Result "1/2-1/2"]
[WhiteTitle "GM"]
[BlackTitle "GM"]
[WhiteElo "2534"]
[BlackElo "2622"]
[WhiteTeam "Jiangsu Lvyang"]
[BlackTeam "Shandong"]
[WhiteFideId "8600031"]
[BlackFideId "8602522"]
[EventDate "2016.07.28"]

1. Nf3 Nf6 2. c4 g6 3. Nc3 Bg7 4. e4 d6 5. d4 O-O 6. Be2 Na6 7. O-O e5 8. Be3 c6
9. dxe5 dxe5 10. Qxd8 Rxd8 11. Rfd1 Re8 12. h3 Bf8 13. Bd3 Nc5 14. Bc2 a5 15. a3
Nfd7 16. b4 axb4 17. axb4 Rxa1 18. Rxa1 Na6 19. b5 Nac5 20. bxc6 bxc6 21. Na4 f6
22. Nd2 Ne6 23. Nb3 Bb4 24. c5 Ba6 25. Nb6 Nb8 26. Nd7 Nxd7 27. Rxa6 Rc8 28. Ra7
Rc7 29. Rxc7 Nxc7 30. Bd3 Kf7 31. Bc4+ Ke7 1/2-1/2

[Event "CHN Team Men 2016"]
[Site "Wuxi CHN"]
[Date "2016.08.03"]
[Round "8.1"]
[Board "3"]
[White "Wen, Yang"]
[Black "Lin, Chen"]
[Result "1/2-1/2"]
[WhiteTitle "GM"]
[BlackTitle "GM"]
[WhiteElo "2611"]
[BlackElo "2519"]
[WhiteTeam "Shandong"]
[BlackTeam "Jiangsu Lvyang"]
[WhiteFideId "8602956"]
[BlackFideId "8602298"]
[EventDate "2016.07.28"]

1. Nf3 Nf6 2. g3 g6 3. Bg2 Bg7 4. O-O O-O 5. d4 d6 6. c4 Nc6 7. Nc3 Bg4 8. Ne1
Na5 9. h3 Bd7 10. b3 c5 11. Nc2 cxd4 12. Nxd4 Nc6 13. e3 a6 14. Bb2 Rb8 15. Rc1
Qa5 16. a3 Rfc8 17. b4 Qd8 18. Nce2 Nxd4 19. Nxd4 Bc6 20. Nxc6 bxc6 21. Bd4 a5
22. Qa4 axb4 23. axb4 Ra8 24. Qc2 Rab8 25. Qa4 Ra8 26. Qc2 Rab8 27. Qa4 1/2-1/2

[Event "CHN Team Men 2016"]
[Site "Wuxi CHN"]
[Date "2016.08.03"]
[Round "8.1"]
[Board "4"]
[White "Yu, Ruiyuan"]
[Black "Liu, Qingnan"]
[Result "1/2-1/2"]
[WhiteTitle "GM"]
[BlackTitle "GM"]
[WhiteElo "2501"]
[BlackElo "2507"]
[WhiteTeam "Jiangsu Lvyang"]
[BlackTeam "Shandong"]
[WhiteFideId "8603090"]
[BlackFideId "8603294"]
[EventDate "2016.07.28"]

1. e4 c5 2. Nf3 d6 3. Bb5+ Nd7 4. d4 cxd4 5. Qxd4 a6 6. Bxd7+ Bxd7 7. c4 e5 8.
Qd3 b5 9. Nc3 Rb8 10. O-O h6 11. Rd1 Qc8 12. cxb5 axb5 13. Nd5 Ne7 14. Nxe7 Bxe7
15. Bd2 Qb7 16. Bb4 Bc6 17. Qc3 Bxe4 18. Nxe5 Rc8 19. Qg3 O-O 20. Bxd6 Rfd8 21.
Bxe7 Qxe7 22. h3 Re8 23. Ng4 h5 24. Ne3 Qf6 25. Rd2 h4 26. Qg4 Rc5 27. Rad1 Bc6
28. Qd4 Qg5 29. Qg4 Qf6 30. Qd4 Qg5 1/2-1/2

[Event "CHN Team Men 2016"]
[Site "Wuxi CHN"]
[Date "2016.08.03"]
[Round "8.2"]
[Board "2"]
[White "Xu, Minghui"]
[Black "Lou, Yiping"]
[Result "1/2-1/2"]
[BlackTitle "IM"]
[WhiteElo "2305"]
[BlackElo "2448"]
[WhiteTeam "Zhejiang Feiao"]
[BlackTeam "Shanghai"]
[WhiteFideId "8606790"]
[BlackFideId "8603928"]
[EventDate "2016.07.28"]

1. Nf3 Nf6 2. c4 e6 3. Nc3 b6 4. d4 Bb7 5. a3 d5 6. cxd5 Nxd5 7. e3 Be7 8. Bb5+
c6 9. Bd3 c5 10. Qa4+ Qd7 11. Qc2 Nxc3 12. bxc3 Nc6 13. O-O Rc8 14. Rd1 cxd4 15.
exd4 Na5 16. Ne5 Qd5 17. f3 Nb3 18. Be4 Nxa1 19. Qa4+ b5 20. Bxd5 bxa4 21. Bxb7
O-O 22. Bxc8 Rxc8 23. Bb2 Nc2 24. Rc1 Ne3 25. Re1 Nf5 26. Kf1 Bd6 27. g3 Ne7 28.
Ke2 Nd5 29. Kd2 f6 30. Nd3 Kf7 31. Nb4 h5 32. Kd3 a5 33. Nxd5 exd5 34. Rb1 Rb8
35. Kc2 h4 36. gxh4 Bxh2 37. h5 Ke6 38. Rh1 Bd6 39. Rg1 Kf7 40. Bc1 Rh8 41. Rh1
Ke6 42. Kd3 Rb8 43. Rg1 Kf7 44. Kc2 Rb3 45. h6 gxh6 46. Rh1 Bxa3 1/2-1/2

[Event "CHN Team Men 2016"]
[Site "Wuxi CHN"]
[Date "2016.08.03"]
[Round "8.2"]
[Board "3"]
[White "Xu, Yi"]
[Black "Lan, Zilun"]
[Result "1/2-1/2"]
[WhiteTitle "FM"]
[WhiteElo "2396"]
[BlackElo "2250"]
[WhiteTeam "Shanghai"]
[BlackTeam "Zhejiang Feiao"]
[WhiteFideId "8605564"]
[BlackFideId "8604193"]
[EventDate "2016.07.28"]

1. e4 c6 2. d4 d5 3. e5 Bf5 4. Nf3 e6 5. Be2 Nd7 6. O-O Ne7 7. Nbd2 Bg6 8. Nh4
Nf5 9. Nxg6 hxg6 10. Nf3 Be7 11. g3 O-O 12. h4 c5 13. c3 cxd4 14. cxd4 Nb8 15.
Bg5 Nc6 16. Qd2 Rc8 17. Rfd1 Qa5 18. Qxa5 Nxa5 19. g4 Bxg5 20. gxf5 Bh6 21. fxe6
fxe6 22. Ne1 Nc6 23. Bg4 Kf7 24. Ng2 Ne7 25. Ne3 Nf5 26. Bxf5 gxf5 27. Rac1 Ke7
28. Kf1 Kd7 29. Rxc8 Rxc8 30. Ke2 Ke7 31. Kd3 Kf7 32. h5 Rc6 1/2-1/2

[Event "CHN Team Men 2016"]
[Site "Wuxi CHN"]
[Date "2016.08.03"]
[Round "8.2"]
[Board "4"]
[White "Peng, Shunkai"]
[Black "Zhou, Junfeng"]
[Result "0-1"]
[WhiteTitle "CM"]
[WhiteElo "1944"]
[BlackElo "2022"]
[WhiteTeam "Zhejiang Feiao"]
[BlackTeam "Shanghai"]
[WhiteFideId "8614601"]
[BlackFideId "8615330"]
[EventDate "2016.07.28"]

1. e4 c5 2. Nf3 d6 3. Bb5+ Nc6 4. O-O Bd7 5. Re1 Nf6 6. c3 a6 7. Bxc6 Bxc6 8. d4
Bxe4 9. Bg5 Bd5 10. c4 Bxc4 11. Nc3 e6 12. a4 a5 13. Qc2 Be7 14. dxc5 dxc5 15.
Rad1 Qb6 16. Nd2 Ba6 17. Bxf6 gxf6 18. Nde4 Rd8 19. Ng3 Rxd1 20. Nxd1 Qd8 21.
Nc3 Qd3 22. Qc1 h5 23. Nge2 Rg8 24. Nf4 Qf5 25. Qd2 b6 26. Rd1 Kf8 27. Nce2 Qg5
28. h4 Qxh4 29. Ng3 Qg5 30. Ne4 Qe5 31. Re1 Qd4 32. Nxe6+ fxe6 33. Qh6+ Ke8 34.
Qxh5+ Kd7 35. Rd1 Bd3 0-1

[Event "CHN Team Men 2016"]
[Site "Wuxi CHN"]
[Date "2016.08.03"]
[Round "8.3"]
[Board "2"]
[White "Wang, Rui"]
[Black "Yu, Yangyi"]
[Result "0-1"]
[WhiteTitle "GM"]
[BlackTitle "GM"]
[WhiteElo "2386"]
[BlackElo "2734"]
[WhiteTeam "Hebei Ticai"]
[BlackTeam "Beijing Beiao"]
[WhiteFideId "8601003"]
[BlackFideId "8603820"]
[EventDate "2016.07.28"]

1. d4 Nf6 2. Nf3 b6 3. Bg5 Bb7 4. Nbd2 g6 5. Bxf6 exf6 6. g3 h5 7. Bg2 Bh6 8. c3
O-O 9. Qc2 f5 10. e3 d6 11. Nh4 Bxg2 12. Nxg2 Nd7 13. O-O-O Nf6 14. Kb1 Qd7 15.
h3 Rfe8 16. Qd3 b5 17. Nf4 Kg7 18. Nf3 c6 19. Nd2 a5 20. Ne2 Rab8 21. Rc1 Rb7
22. c4 Kg8 23. cxb5 cxb5 24. Qc3 Reb8 25. Qc6 Qe6 26. Nc3 a4 27. Ka1 Rb6 28. Qf3
Ra6 29. Qe2 Ra5 30. Qd3 Qd7 31. Rhd1 Ra7 32. h4 Rab7 33. Nf3 Rc7 34. Kb1 b4 35.
Ne2 Ng4 36. Rf1 Rbc8 37. Rxc7 Qxc7 38. Ng5 Qb7 39. d5 a3 40. f3 Ne5 0-1

[Event "CHN Team Men 2016"]
[Site "Wuxi CHN"]
[Date "2016.08.03"]
[Round "8.3"]
[Board "3"]
[White "Xiu, Deshun"]
[Black "Zhang, Ziji"]
[Result "1-0"]
[WhiteTitle "GM"]
[WhiteElo "2557"]
[BlackElo "2313"]
[WhiteTeam "Beijing Beiao"]
[BlackTeam "Hebei Ticai"]
[WhiteFideId "8603693"]
[BlackFideId "8609470"]
[EventDate "2016.07.28"]

1. c4 c6 2. Nf3 d5 3. g3 Nf6 4. Bg2 Bf5 5. Qb3 Qb6 6. d3 e6 7. Be3 dxc4 8. Bxb6
cxb3 9. axb3 Nbd7 10. Be3 a6 11. O-O Nd5 12. Bd4 Bg6 13. Nbd2 f6 14. Nc4 e5 15.
Bc3 Bf7 16. d4 exd4 17. Bxd4 O-O-O 18. e4 Nc7 19. e5 Nxe5 20. Nb6+ Kb8 21. Nxe5
fxe5 22. Bxe5 Bc5 23. Nc4 Bxc4 24. bxc4 Bd4 25. Bf4 Rhf8 26. Rfe1 Rd7 27. b3
Rdf7 28. Re4 Bc5 29. h4 Ka7 30. Bh3 Ne8 31. Rd1 Kb6 32. Kg2 g6 33. Rxe8 1-0

[Event "CHN Team Men 2016"]
[Site "Wuxi CHN"]
[Date "2016.08.03"]
[Round "8.4"]
[Board "2"]
[White "Bao, Qilin"]
[Black "Chu, Wei Chao"]
[Result "1/2-1/2"]
[BlackTitle "IM"]
[WhiteElo "2305"]
[BlackElo "2309"]
[WhiteTeam "Heilongjiang Qipai"]
[BlackTeam "Tianjing Chunhua"]
[WhiteFideId "8605750"]
[BlackFideId "8605661"]
[EventDate "2016.07.28"]

1. e4 c5 2. Nf3 e6 3. Nc3 Nc6 4. d4 cxd4 5. Nxd4 Nf6 6. Ndb5 d6 7. Bf4 e5 8. Bg5
a6 9. Na3 b5 10. Nd5 Qa5+ 11. Bd2 Qd8 12. Bg5 Qa5+ 13. Bd2 1/2-1/2

[Event "CHN Team Men 2016"]
[Site "Wuxi CHN"]
[Date "2016.08.03"]
[Round "8.4"]
[Board "3"]
[White "Li, Yankai"]
[Black "Wu, Xibin"]
[Result "1/2-1/2"]
[BlackTitle "IM"]
[WhiteElo "2234"]
[BlackElo "2257"]
[WhiteTeam "Tianjing Chunhua"]
[BlackTeam "Heilongjiang Qipai"]
[WhiteFideId "8609357"]
[BlackFideId "8600309"]
[EventDate "2016.07.28"]

1. e4 c6 2. d4 d5 3. Nc3 dxe4 4. Nxe4 Nd7 5. Bc4 Ngf6 6. Nxf6+ Nxf6 7. c3 Qc7 8.
Qf3 Bg4 9. Qg3 Qxg3 10. hxg3 e6 11. f3 Bf5 12. g4 Bg6 13. a4 Bd6 14. Ne2 Nd5 15.
Bd2 O-O-O 16. Kf2 h6 17. b4 f6 18. Rae1 Rhe8 19. Bb3 b6 20. Rc1 Kb7 21. Rhd1 Rd7
22. b5 cxb5 23. axb5 Nc7 24. Be3 Nd5 25. Bd2 Rc7 26. c4 Nb4 27. Bxb4 Bxb4 28.
Nf4 Bf7 29. Nd3 Ba3 30. Ra1 Bf8 31. c5 g5 32. Nb4 bxc5 33. Na6 Rcc8 34. dxc5
Red8 35. Ke2 Rxd1 36. Rxd1 Be8 37. c6+ Bxc6 38. bxc6+ Kxa6 39. Rc1 Bd6 40. Kd3
Bf4 41. Rc2 Rd8+ 42. Ke4 f5+ 43. gxf5 exf5+ 44. Kxf5 Kb6 45. Be6 Rd4 46. Bd7 Rb4
47. Kg6 a5 48. Ra2 Ka6 49. g4 Rb3 1/2-1/2